[Event "Senior Men Russian Championship 2022_HL"]
[Site "Saint-Petersburg, Russia"]
[Date "2022.09.28"]
[Round "5.10"]
[White "Berlin, Grigoriy"]
[Black "Pushkov, Nikolai"]
[Result "1/2-1/2"]
[TimeControl "40+30"]
[WhiteElo "2186"]
[BlackElo "2206"]

1. d4 {[%clk 01:30:56]} {[%emt 00:00:03]} Nf6 {[%clk 01:30:53]} {[%emt
00:00:07]} 2. Bf4 {[%clk 01:30:55]} {[%emt 00:00:31]} e6 {[%clk 01:30:53]}
{[%emt 00:00:30]} 3. e3 {[%clk 01:31:05]} {[%emt 00:00:21]} b6 {[%clk
01:31:04]} {[%emt 00:00:19]} 4. Nf3 {[%clk 01:30:29]} {[%emt 00:01:05]} Bb7
{[%clk 01:31:29]} {[%emt 00:00:05]} 5. Nbd2 {[%clk 01:29:19]} {[%emt 00:01:40]}
Be7 {[%clk 01:31:03]} {[%emt 00:00:56]} 6. h3 {[%clk 01:29:26]} {[%emt
00:00:23]} c5 {[%clk 01:29:37]} {[%emt 00:01:56]} 7. c3 {[%clk 01:29:46]}
{[%emt 00:00:10]} O-O {[%clk 01:25:58]} {[%emt 00:04:09]} 8. Bd3 {[%clk
01:28:32]} {[%emt 00:01:43]} d5 {[%clk 01:23:48]} {[%emt 00:02:40]} 9. O-O
{[%clk 01:24:29]} {[%emt 00:04:34]} Nbd7 {[%clk 01:21:51]} {[%emt 00:02:27]} 10.
Bh2 {[%clk 01:20:36]} {[%emt 00:04:23]} Ne4 {[%clk 01:19:45]} {[%emt 00:02:35]}
11. Ne5 {[%clk 01:18:37]} {[%emt 00:02:29]} Nxd2 {[%emt 00:05:37]} 12. Qxd2
{[%emt 00:03:24]} Nxe5 {[%clk 01:09:38]} {[%emt 00:01:36]} 13. Bxe5 {[%clk
01:17:51]} {[%emt 00:01:16]} Bd6 {[%clk 01:04:41]} {[%emt 00:05:27]} 14. f4
{[%clk 01:11:05]} {[%emt 00:07:16]} f6 {[%clk 01:04:39]} {[%emt 00:00:32]} 15.
Bxd6 {[%clk 01:11:29]} {[%emt 00:00:06]} Qxd6 {[%clk 01:05:07]} {[%emt
00:00:02]} 16. Qc2 {[%clk 01:07:40]} {[%emt 00:04:19]} h6 {[%clk 01:04:55]}
{[%emt 00:00:42]} 17. Rad1 {[%clk 00:57:37]} {[%emt 00:10:32]} e5 {[%clk
01:00:22]} {[%emt 00:05:03]} 18. Bh7+ {[%clk 00:41:03]} {[%emt 00:17:04]} Kh8
{[%clk 01:00:44]} {[%emt 00:00:09]} 19. Bf5 {[%clk 00:41:29]} {[%emt 00:00:04]}
Rad8 {[%clk 00:46:45]} {[%emt 00:14:28]} 20. Qe2 {[%clk 00:33:33]} {[%emt
00:08:27]} Bc8 {[%clk 00:44:39]} {[%emt 00:02:36]} 21. Qg4 {[%clk 00:28:07]}
{[%emt 00:05:56]} Bxf5 {[%clk 00:42:21]} {[%emt 00:02:48]} 22. Qxf5 {[%clk
00:28:34]} {[%emt 00:00:02]} Rfe8 {[%clk 00:42:17]} {[%emt 00:00:35]} 23. fxe5
{[%clk 00:25:02]} {[%emt 00:04:02]} fxe5 {[%clk 00:42:37]} {[%emt 00:00:09]} 24.
Qh5 {[%clk 00:25:28]} {[%emt 00:00:04]} exd4 {[%clk 00:38:49]} {[%emt
00:04:18]} 25. exd4 {[%clk 00:25:37]} {[%emt 00:00:22]} Re4 {[%clk 00:37:53]}
{[%emt 00:01:26]} 26. dxc5 {[%clk 00:18:50]} {[%emt 00:07:17]} Qxc5+ {[%clk
00:38:20]} {[%emt 00:00:02]} 27. Kh1 {[%clk 00:19:06]} {[%emt 00:00:14]} d4
{[%clk 00:29:44]} {[%emt 00:09:06]} 28. Qg6 {[%clk 00:10:43]} {[%emt 00:08:53]}
Qe5 {[%clk 00:29:06]} {[%emt 00:01:08]} 29. cxd4 {[%clk 00:10:44]} {[%emt
00:00:30]} Rexd4 {[%clk 00:29:19]} {[%emt 00:00:17]} 30. Rde1 {[%clk 00:11:06]}
{[%emt 00:00:07]} Qd6 {[%clk 00:23:23]} {[%emt 00:06:25]} 31. Re6 {[%clk
00:08:49]} {[%emt 00:02:48]} Qc5 {[%clk 00:07:16]} {[%emt 00:16:37]} 32. Rfe1
{[%clk 00:04:19]} {[%emt 00:05:00]} Rg8 {[%clk 00:05:45]} {[%emt 00:02:01]} 33.
R6e5 {[%clk 00:02:50]} {[%emt 00:01:59]} Rd5 {[%clk 00:05:37]} {[%emt
00:00:38]} 34. Re8 {[%clk 00:02:36]} {[%emt 00:00:44]} Rd8 {[%clk 00:05:53]}
{[%emt 00:00:13]} 35. R8e6 {[%clk 00:02:14]} {[%emt 00:00:52]} Rd2 {[%clk
00:05:34]} {[%emt 00:00:48]} 36. a3 {[%clk 00:02:20]} {[%emt 00:00:25]} Rxb2
{[%clk 00:04:02]} {[%emt 00:02:01]} 37. Re8 {[%clk 00:02:22]} {[%emt 00:00:28]}
Rf2 {[%clk 00:04:29]} {[%emt 00:00:03]} 38. Rxg8+ {[%clk 00:02:28]} {[%emt
00:00:25]} Kxg8 {[%clk 00:04:56]} {[%emt 00:00:02]} 39. Re8+ {[%clk 00:02:54]}
{[%emt 00:00:04]} Rf8 {[%clk 00:05:24]} {[%emt 00:00:02]} 40. Qe6+ {[%clk
00:02:49]} {[%emt 00:00:35]} Kh8 {[%clk 00:05:46]} {[%emt 00:00:08]} 41. Re7
{[%clk 00:31:55]} {[%emt 00:01:25]} a5 {[%clk 00:34:16]} {[%emt 00:02:00]} 42.
a4 {[%clk 00:31:22]} {[%emt 00:01:03]} Qc1+ {[%clk 00:33:10]} {[%emt 00:01:35]}
43. Kh2 {[%clk 00:31:40]} {[%emt 00:00:13]} Qf4+ {[%clk 00:33:38]} {[%emt
00:00:02]} 44. Kg1 {[%clk 00:31:44]} {[%emt 00:00:25]} Qd4+ {[%clk 00:30:31]}
{[%emt 00:03:38]} 45. Kh2 {[%clk 00:31:23]} {[%emt 00:00:50]} Qxa4 {[%clk
00:30:21]} {[%emt 00:00:40]} 46. Qxb6 {[%clk 00:31:14]} {[%emt 00:00:39]} Qf4+
{[%clk 00:30:28]} {[%emt 00:00:23]} 47. Kg1 {[%clk 00:31:35]} {[%emt 00:00:09]}
a4 {[%clk 00:30:41]} {[%emt 00:00:18]} 48. Qa7 {[%clk 00:22:26]} {[%emt
00:09:39]} Rc8 {[%clk 00:29:19]} {[%emt 00:01:51]} 49. Re1 {[%clk 00:22:12]}
{[%emt 00:00:43]} Rc1 {[%clk 00:27:46]} {[%emt 00:02:04]} 50. Rxc1 {[%clk
00:21:52]} {[%emt 00:00:51]} Qxc1+ {[%clk 00:28:14]} {[%emt 00:00:02]} 51. Kh2
{[%clk 00:22:21]} Qf4+ {[%clk 00:28:13]} {[%emt 00:00:32]} 52. Kg1 {[%clk
00:22:41]} {[%emt 00:00:09]} Qc4 {[%clk 00:28:33]} {[%emt 00:00:10]} 53. Qe7
{[%clk 00:19:45]} {[%emt 00:03:26]} Kh7 {[%clk 00:26:58]} {[%emt 00:02:05]} 54.
Qf8 {[%clk 00:19:34]} {[%emt 00:00:40]} Qd3 {[%clk 00:26:34]} {[%emt 00:00:55]}
55. Qa8 {[%clk 00:15:40]} {[%emt 00:04:25]} a3 {[%clk 00:26:25]} {[%emt
00:00:38]} 56. Kh2 {[%clk 00:16:01]} {[%emt 00:00:09]} h5 {[%clk 00:22:24]}
{[%emt 00:04:31]} 57. Qa4 {[%clk 00:16:06]} {[%emt 00:00:25]} Qe3 {[%clk
00:22:09]} {[%emt 00:00:45]} 58. Qa5 {[%clk 00:15:46]} {[%emt 00:00:49]} Kh6
{[%clk 00:22:07]} {[%emt 00:00:33]} 59. Qa8 {[%clk 00:14:20]} {[%emt 00:01:56]}
Kg6 {[%clk 00:18:26]} {[%emt 00:04:10]} 60. Qa6+ {[%clk 00:13:55]} {[%emt
00:00:55]} Kh7 {[%clk 00:18:47]} {[%emt 00:00:09]} 61. Qa4 {[%clk 00:14:09]}
{[%emt 00:00:17]} g6 {[%clk 00:18:16]} {[%emt 00:01:01]} 62. Qd7+ {[%clk
00:13:34]} {[%emt 00:01:04]} Kh6 {[%clk 00:18:35]} {[%emt 00:00:12]} 63. Qa4
{[%clk 00:13:53]} {[%emt 00:00:11]} Qe7 {[%clk 00:18:23]} {[%emt 00:00:42]} 64.
Qa8 {[%clk 00:12:55]} {[%emt 00:01:28]} h4 {[%clk 00:17:33]} {[%emt 00:01:19]}
65. Qh8+ {[%clk 00:13:17]} {[%emt 00:00:09]} Kg5 {[%clk 00:18:01]} {[%emt
00:00:02]} 66. Qa8 {[%clk 00:13:31]} {[%emt 00:00:17]} Kf5 {[%clk 00:15:46]}
{[%emt 00:02:44]} 67. Qf3+ {[%clk 00:12:38]} {[%emt 00:01:24]} Ke6 {[%clk
00:15:43]} {[%emt 00:00:32]} 68. Qe4+ {[%clk 00:12:32]} {[%emt 00:00:36]} Kf7
{[%clk 00:16:10]} {[%emt 00:00:03]} 69. Qf3+ {[%clk 00:11:56]} {[%emt
00:01:06]} Kg7 {[%clk 00:16:22]} {[%emt 00:00:18]} 70. Qc3+ {[%clk 00:11:35]}
{[%emt 00:00:50]} Kh7 {[%clk 00:16:46]} {[%emt 00:00:06]} 71. Qa5 {[%clk
00:11:36]} {[%emt 00:00:30]} Qe3 {[%clk 00:15:42]} {[%emt 00:01:34]} 72. Qa4
{[%clk 00:11:12]} {[%emt 00:00:54]} g5 {[%clk 00:15:25]} {[%emt 00:00:47]} 73.
Qd7+ {[%clk 00:10:26]} {[%emt 00:01:16]} Kg6 {[%clk 00:15:49]} {[%emt
00:00:06]} 74. Qc6+ {[%clk 00:10:32]} {[%emt 00:00:23]} Kf5 {[%clk 00:15:56]}
{[%emt 00:00:24]} 75. Qd7+ {[%clk 00:09:25]} {[%emt 00:01:38]} Ke5 {[%clk
00:16:07]} {[%emt 00:00:17]} 76. Qe7+ {[%clk 00:09:16]} {[%emt 00:00:38]} Kd4
{[%clk 00:16:30]} {[%emt 00:00:08]} 77. Qa7+ {[%clk 00:09:38]} {[%emt
00:00:09]} Ke4 {[%clk 00:16:47]} {[%emt 00:00:13]} 78. Qe7+ {[%clk 00:10:01]}
{[%emt 00:00:07]} 1/2-1/2

[Event "Senior Men Russian Championship 2022_HL"]
[Site "Saint-Petersburg, Russia"]
[Date "2022.09.28"]
[Round "5.11"]
[White "Yakovlev, Yuri S."]
[Black "Nikitinyh, Boris"]
[Result "0-1"]
[TimeControl "40+30"]
[WhiteElo "1649"]
[BlackElo "1853"]

1. e4 {[%clk 01:30:50]} {[%emt 00:00:07]} d6 {[%clk 01:30:43]} {[%emt
00:00:18]} 2. d4 {[%clk 01:31:17]} {[%emt 00:00:05]} Nf6 {[%clk 01:30:52]}
{[%emt 00:00:21]} 3. Bd3 {[%clk 01:30:38]} {[%emt 00:01:09]} Nc6 {[%clk
01:29:58]} {[%emt 00:01:24]} 4. c3 {[%clk 01:30:54]} {[%emt 00:00:13]} e5
{[%clk 01:30:08]} {[%emt 00:00:21]} 5. d5 {[%clk 01:30:54]} {[%emt 00:00:30]}
Ne7 {[%clk 01:30:15]} {[%emt 00:00:23]} 6. h3 {[%clk 01:29:11]} {[%emt
00:02:12]} g6 {[%clk 01:28:27]} {[%emt 00:02:19]} 7. Be3 {[%clk 01:28:26]}
{[%emt 00:01:14]} Bg7 {[%clk 01:28:23]} {[%emt 00:00:34]} 8. Qd2 {[%clk
01:28:52]} {[%emt 00:00:05]} h6 {[%clk 01:22:21]} {[%emt 00:06:32]} 9. g4
{[%clk 01:26:44]} {[%emt 00:02:37]} g5 {[%clk 01:20:33]} {[%emt 00:02:18]} 10.
Ne2 {[%clk 01:23:17]} {[%emt 00:03:56]} Ng6 {[%clk 01:20:28]} {[%emt 00:00:36]}
11. Na3 {[%clk 01:23:02]} {[%emt 00:00:46]} Nf4 {[%clk 01:16:40]} {[%emt
00:04:18]} 12. Bxf4 {[%clk 01:21:04]} {[%emt 00:02:27]} gxf4 {[%clk 01:16:51]}
{[%emt 00:00:20]} 13. f3 {[%clk 01:21:16]} {[%emt 00:00:18]} Nh7 {[%clk
01:14:42]} {[%emt 00:02:39]} 14. O-O-O {[%clk 01:18:03]} {[%emt 00:03:43]} Bf6
{[%clk 01:14:21]} {[%emt 00:00:50]} 15. Bb5+ {[%clk 01:15:51]} {[%emt
00:02:42]} Kf8 {[%clk 01:14:13]} {[%emt 00:00:39]} 16. Ng1 {[%clk 01:11:58]}
{[%emt 00:04:23]} a6 {[%clk 01:13:29]} {[%emt 00:01:14]} 17. Bf1 {[%clk
01:11:38]} {[%emt 00:00:49]} Bh4 {[%clk 01:12:34]} {[%emt 00:01:24]} 18. Rh2
{[%clk 01:09:53]} {[%emt 00:02:16]} Kg7 {[%clk 01:09:02]} {[%emt 00:04:03]} 19.
Kb1 {[%clk 01:09:50]} {[%emt 00:00:33]} Qe7 {[%clk 01:08:36]} {[%emt 00:00:55]}
20. c4 {[%clk 01:08:49]} {[%emt 00:01:31]} Rd8 {[%clk 01:08:05]} {[%emt
00:01:01]} 21. Nc2 {[%clk 01:08:39]} {[%emt 00:00:40]} Bd7 {[%clk 01:06:54]}
{[%emt 00:01:38]} 22. Ne1 {[%clk 01:08:30]} {[%emt 00:00:41]} c5 {[%clk
01:03:31]} {[%emt 00:03:54]} 23. Nd3 {[%clk 00:59:59]} {[%emt 00:09:00]} b5
{[%clk 01:03:05]} {[%emt 00:00:56]} 24. Qc3 {[%clk 01:00:00]} {[%emt 00:00:29]}
Bf6 {[%clk 00:57:44]} {[%emt 00:05:51]} 25. cxb5 {[%clk 00:58:37]} {[%emt
00:01:54]} axb5 {[%clk 00:57:48]} {[%emt 00:00:25]} 26. h4 {[%clk 00:58:17]}
{[%emt 00:00:50]} b4 {[%clk 00:54:29]} {[%emt 00:03:50]} 27. Qe1 {[%clk
00:58:30]} {[%emt 00:00:15]} Rdb8 {[%clk 00:48:32]} {[%emt 00:06:27]} 28. g5
{[%clk 00:57:39]} {[%emt 00:01:22]} hxg5 {[%clk 00:48:21]} {[%emt 00:00:42]} 29.
hxg5 {[%clk 00:57:32]} {[%emt 00:00:37]} Nxg5 {[%clk 00:47:40]} {[%emt
00:01:10]} 30. Nf2 {[%clk 00:45:17]} {[%emt 00:12:46]} Rh8 {[%clk 00:45:55]}
{[%emt 00:02:14]} 31. Rxh8 {[%clk 00:44:41]} {[%emt 00:01:05]} Rxh8 {[%clk
00:45:37]} {[%emt 00:00:48]} 32. Ng4 {[%clk 00:43:54]} {[%emt 00:01:18]} Nxf3
{[%clk 00:39:35]} {[%emt 00:06:33]} 33. Nxf3 {[%clk 00:44:19]} {[%emt
00:00:04]} Bxg4 {[%clk 00:39:46]} {[%emt 00:00:19]} 34. Be2 {[%clk 00:44:05]}
{[%emt 00:00:44]} Bxf3 {[%clk 00:34:35]} {[%emt 00:05:42]} 35. Bxf3 {[%clk
00:44:32]} {[%emt 00:00:03]} Rh3 {[%clk 00:33:12]} {[%emt 00:01:53]} 36. Qe2
{[%clk 00:39:05]} {[%emt 00:05:58]} Rg3 {[%clk 00:32:23]} {[%emt 00:01:18]} 37.
Rf1 {[%clk 00:37:43]} {[%emt 00:01:51]} Qd7 {[%clk 00:26:04]} {[%emt 00:06:50]}
38. Rh1 {[%clk 00:35:09]} {[%emt 00:03:03]} Kf8 {[%clk 00:25:13]} {[%emt
00:01:22]} 39. b3 {[%clk 00:29:08]} {[%emt 00:06:31]} Ke7 {[%clk 00:18:24]}
{[%emt 00:07:20]} 40. Qf1 {[%clk 00:55:47]} {[%emt 00:03:50]} Qe8 {[%clk
00:48:35]} {[%emt 00:00:20]} 41. Kb2 {[%clk 00:49:56]} {[%emt 00:06:20]} Qa8
{[%clk 00:48:31]} {[%emt 00:00:34]} 42. Bd1 {[%clk 00:39:27]} {[%emt 00:10:59]}
Qa7 {[%clk 00:47:33]} {[%emt 00:01:28]} 43. Bc2 {[%clk 00:36:22]} {[%emt
00:03:34]} Bg5 {[%clk 00:45:28]} {[%emt 00:02:34]} 44. a4 {[%clk 00:32:51]}
{[%emt 00:04:02]} bxa3+ {[%clk 00:44:39]} {[%emt 00:01:19]} 45. Ka2 {[%clk
00:33:18]} {[%emt 00:00:02]} Rc3 {[%clk 00:43:14]} {[%emt 00:01:55]} 46. Rh2
{[%clk 00:31:32]} {[%emt 00:02:16]} f3 {[%clk 00:40:33]} {[%emt 00:03:11]} 47.
Qb5 {[%clk 00:28:32]} {[%emt 00:03:29]} Bf4 {[%clk 00:39:14]} {[%emt 00:01:49]}
48. Rh8 {[%clk 00:27:11]} {[%emt 00:01:51]} Rxc2+ {[%clk 00:39:02]} {[%emt
00:00:43]} 49. Ka1 {[%clk 00:27:39]} {[%emt 00:00:02]} c4 {[%clk 00:33:17]}
{[%emt 00:06:15]} 0-1

[Event "Senior Men Russian Championship 2022_HL"]
[Site "Saint-Petersburg, Russia"]
[Date "2022.09.29"]
[Round "6.11"]
[White "Pushkov, Nikolai"]
[Black "Yakovlev, Yuri S."]
[Result "1-0"]
[TimeControl "40+30"]
[WhiteElo "2206"]
[BlackElo "1649"]

1. d4 {[%clk 01:30:58]} {[%emt 00:00:02]} c5 {[%clk 01:30:59]} {[%emt
00:00:02]} 2. d5 {[%clk 01:31:26]} {[%emt 00:00:01]} d6 {[%clk 01:31:28]} 3. e4
{[%clk 01:31:55]} {[%emt 00:00:02]} g6 {[%clk 01:31:56]} {[%emt 00:00:01]} 4.
Nf3 {[%clk 01:32:22]} {[%emt 00:00:03]} Bg7 {[%clk 01:32:25]} {[%emt 00:00:02]}
5. Bb5+ {[%clk 01:32:51]} {[%emt 00:00:02]} Bd7 {[%clk 01:32:53]} 6. a4 {[%clk
01:33:18]} {[%emt 00:00:03]} a6 {[%clk 01:33:23]} {[%emt 00:00:01]} 7. Be2
{[%clk 01:33:44]} {[%emt 00:00:02]} h6 {[%clk 01:33:51]} {[%emt 00:00:03]} 8.
O-O {[%clk 01:34:12]} {[%emt 00:00:03]} Nf6 {[%clk 01:34:20]} {[%emt 00:00:01]}
9. Nc3 {[%clk 01:34:38]} {[%emt 00:00:04]} O-O {[%clk 01:34:48]} {[%emt
00:00:01]} 10. Nd2 {[%clk 01:35:05]} {[%emt 00:00:03]} Nh7 {[%clk 01:35:16]}
{[%emt 00:00:02]} 11. Nc4 {[%clk 01:35:31]} {[%emt 00:00:03]} f5 {[%clk
01:35:43]} {[%emt 00:00:04]} 12. f3 {[%clk 01:36:00]} {[%emt 00:00:01]} Bd4+
{[%clk 01:36:12]} 13. Be3 {[%clk 01:36:28]} {[%emt 00:00:03]} Bxe3+ {[%clk
01:36:40]} 14. Nxe3 {[%clk 01:36:56]} {[%emt 00:00:01]} f4 {[%clk 01:37:04]}
{[%emt 00:00:07]} 15. Nc4 {[%clk 01:37:25]} {[%emt 00:00:01]} Ng5 {[%clk
01:37:32]} {[%emt 00:00:02]} 16. e5 {[%clk 01:37:53]} {[%emt 00:00:03]} Bf5
{[%clk 01:37:59]} 17. Bd3 {[%clk 01:38:21]} {[%emt 00:00:02]} Kg7 {[%clk
01:38:27]} {[%emt 00:00:03]} 18. e6 {[%clk 01:38:50]} a5 {[%clk 01:38:56]} 19.
Ne4 {[%clk 01:39:17]} {[%emt 00:00:02]} Na6 {[%clk 01:39:25]} {[%emt 00:00:02]}
20. Nxg5 {[%clk 01:39:45]} {[%emt 00:00:03]} hxg5 {[%clk 01:39:53]} {[%emt
00:00:01]} 21. c3 {[%clk 01:40:13]} {[%emt 00:00:03]} Nc7 {[%clk 01:40:21]} 22.
Nb6 {[%clk 01:40:41]} {[%emt 00:00:02]} Bxd3 {[%clk 01:40:50]} {[%emt
00:00:02]} 23. Qxd3 {[%clk 01:41:09]} {[%emt 00:00:01]} Ra6 {[%clk 01:41:18]}
{[%emt 00:00:03]} 24. Nd7 {[%clk 01:41:37]} Rf5 {[%clk 01:41:45]} {[%emt
00:00:03]} 25. c4 {[%clk 01:42:06]} {[%emt 00:00:02]} Ne8 {[%clk 01:42:13]}
{[%emt 00:00:01]} 26. g4 {[%clk 01:42:34]} {[%emt 00:00:02]} fxg3 {[%clk
01:42:41]} {[%emt 00:00:03]} 27. hxg3 {[%clk 01:43:03]} Nf6 {[%clk 01:43:08]}
{[%emt 00:00:04]} 28. Nxf6 {[%clk 01:43:31]} {[%emt 00:00:02]} Rxf6 {[%clk
01:43:35]} {[%emt 00:00:03]} 29. Kg2 {[%clk 01:43:58]} {[%emt 00:00:02]} Ra8
{[%clk 01:44:04]} 30. Qe3 {[%clk 01:44:24]} {[%emt 00:00:03]} Qb6 {[%clk
01:44:33]} {[%emt 00:00:02]} 31. Rab1 {[%clk 01:44:53]} {[%emt 00:00:02]} Qb4
{[%clk 01:45:01]} {[%emt 00:00:02]} 32. b3 {[%clk 01:45:21]} {[%emt 00:00:01]}
Rf5 {[%clk 01:45:29]} {[%emt 00:00:02]} 33. f4 {[%clk 01:45:48]} {[%emt
00:00:03]} g4 {[%clk 01:45:58]} 34. Rh1 {[%clk 01:46:16]} {[%emt 00:00:02]} Rh8
{[%clk 01:46:26]} {[%emt 00:00:02]} 35. Rxh8 {[%clk 01:46:44]} {[%emt
00:00:02]} Kxh8 {[%clk 01:46:54]} {[%emt 00:00:01]} 36. Rh1+ {[%clk 01:47:13]}
{[%emt 00:00:02]} Kg7 {[%clk 01:47:22]} {[%emt 00:00:03]} 37. Qd3 {[%clk
01:47:42]} {[%emt 00:00:01]} Rh5 {[%clk 01:47:50]} {[%emt 00:00:02]} 38. Rf1
{[%clk 01:48:10]} {[%emt 00:00:02]} Rf5 {[%clk 01:48:18]} {[%emt 00:00:02]} 39.
Rd1 {[%clk 01:48:39]} {[%emt 00:00:02]} Kf6 {[%clk 01:48:47]} {[%emt 00:00:01]}
40. Qc2 {[%clk 02:19:07]} Kg7 {[%clk 02:19:16]} {[%emt 00:00:02]} 41. Rf1
{[%clk 02:19:36]} Rf6 {[%clk 02:19:43]} {[%emt 00:00:03]} 42. Qb2 {[%clk
02:20:05]} Kg8 {[%clk 02:20:12]} 43. Rh1 {[%clk 02:20:33]} {[%emt 00:00:02]}
Kg7 {[%clk 02:20:41]} {[%emt 00:00:01]} 44. Kf2 {[%clk 02:21:01]} {[%emt
00:00:03]} Kg8 {[%clk 02:21:10]} 45. Rh4 {[%clk 02:21:29]} {[%emt 00:00:02]} b5
{[%clk 02:21:37]} {[%emt 00:00:02]} 46. Qc2 {[%clk 02:21:58]} {[%emt 00:00:01]}
bxc4 {[%clk 02:22:06]} {[%emt 00:00:02]} 47. bxc4 {[%clk 02:22:26]} {[%emt
00:00:02]} Qa3 {[%clk 02:22:33]} {[%emt 00:00:03]} 48. Rxg4 {[%clk 02:22:54]}
Qa1 {[%clk 02:23:01]} {[%emt 00:00:02]} 49. Rxg6+ {[%clk 02:23:23]} {[%emt
00:00:02]} Kf8 {[%clk 02:23:29]} {[%emt 00:00:02]} 50. Rxf6+ {[%clk 02:23:52]}
{[%emt 00:00:01]} exf6 {[%clk 02:23:56]} {[%emt 00:00:03]} 51. Qh7 {[%clk
02:24:20]} {[%emt 00:00:01]} Qd4+ {[%clk 02:24:24]} {[%emt 00:00:03]} 52. Kg2
{[%clk 02:24:49]} {[%emt 00:00:01]} 1-0